000 00423nam a2200145Ia 4500
008 230312s9999||||xx |||||||||||||| ||und||
020 _a8184310536
082 _a621.0284
_bBAK-E
100 _aBakshi, Uday
245 0 _aElectronic measuring Instruments
260 _bTechnical
_aPune
_c2007
546 _aEng.
650 _aEngineering
_vFundamentals of opamp circuits, Electronic voltmeters, signal generators
942 _cBK
999 _c1913
_d1913